Practical Handbook of Construction Management for Architects and Engineers (Record no. 6511)
[ view plain ]
| 000 -LEADER | |
|---|---|
| fixed length control field | 00455nam a2200169Ia 4500 |
| 008 - FIXED-LENGTH DATA ELEMENTS--GENERAL INFORMATION | |
| fixed length control field | 230711s9999||||xx |||||||||||||| ||und|| |
| 020 ## - INTERNATIONAL STANDARD BOOK NUMBER | |
| International Standard Book Number | 978-81-7274-764-0 |
| 041 ## - LANGUAGE CODE | |
| Language code of text/sound track or separate title | ENG |
| 082 ## - DEWEY DECIMAL CLASSIFICATION NUMBER | |
| Classification number | 624.068 |
| Item number | RA-P |
| 100 ## - MAIN ENTRY--PERSONAL NAME | |
| Personal name | Ramasamy,R |
| 245 #0 - TITLE STATEMENT | |
| Title | Practical Handbook of Construction Management for Architects and Engineers |
| 250 ## - EDITION STATEMENT | |
| Edition statement | 3rd Ed. |
| 260 ## - PUBLICATION, DISTRIBUTION, ETC. | |
| Date of publication, distribution, etc. | 2012 |
| Place of publication, distribution, etc. | New Delhi |
| Name of publisher, distributor, etc. | A Nabhi Publication |
| 300 ## - PHYSICAL DESCRIPTION | |
| Extent | 256p. |
| 650 ## - SUBJECT ADDED ENTRY--TOPICAL TERM | |
| Topical term or geographic name entry element | Architecture |
| 942 ## - ADDED ENTRY ELEMENTS (KOHA) | |
| Koha item type | Book |
| Withdrawn status | Lost status | Damaged status | Not for loan | Collection | Home library | Current library | Date acquired | Source of acquisition | Cost, normal purchase price | Inventory number | Total checkouts | Full call number | Barcode | Date last seen | Price effective from | Koha item type |
|---|---|---|---|---|---|---|---|---|---|---|---|---|---|---|---|---|
| MRSPTU Central Library | MRSPTU Central Library | 07/05/2043 | Krishna Book Distributors | 240.00 | KBD/2017-2018/1018643059 | 624.068 RA-P | 38480 | 08/17/2023 | 08/17/2023 | Book |
